000
00243 a2200085 4500
020
_a
0000000000000
245
_a
Upper Primary Level Curriculum Design (Mathematics) Grade 6
260
_b
Kenya Instititute of Curriculum Development
942
_c
BK
999
_c
58813
_d
58813